| 000 | 00526nam a22001577a 4500 | ||
|---|---|---|---|
| 005 | 20120303130257.0 | ||
| 020 |
_a8178240017 _c195.00 |
||
| 035 | _aB-30184 | ||
| 037 |
_aDPL _bENG |
||
| 100 |
_aGuha, Ramachandra _943375 |
||
| 245 |
_aAn anthropologist among the Marxists and other essays / _cby Ramchandra Guha |
||
| 260 |
_aDelhi _bPermanent black _c2001 |
||
| 300 |
_a267p. _c18 cms. |
||
| 942 |
_2ddc _cEN _h080 _mGUH |
||
| 999 |
_c63718 _d63718 |
||